ბათუმის შოთა რუსთაველის სახელმწიფო უნივერსიტეტის ბიბლიოთეკა

ქართული ენისა და ლიტერატურის სწავლების საკითხები საშუალო სკოლაში ენის შესახებ ი.ბ.სტალინის მოძღვრების შუქზე / (ბიბ.ჩანაწერი № 53281)

000 -ლიდერი
ფიქსირებული სიგრძის საკონტროლო ველი 01428nam a2200229Ia 4500
001 - საკონტროლო ნომერი
საკონტროლო ველი 20322
003 - საკონტროლო ნომრის იდენტიფიკატორი
საკონტროლო ველი GE_BSU
005 - ბოლო ოპერაციის თარიღი და დრო
საკონტროლო ველი 20200908002433.0
008 - ფიქსირებული სიგრძის მონაცემთა ელემენტები - ზოგადი ინფორმაცია
ფიქსირებული სიგრძის საკონტროლო ველი 181216s1988||||ge |||||||||||||| ||geo||
040 ## - კატალოგიზაციის წყარო
Transcribing agency GE_BSU
041 ## - ენის კოდი
Language code of text/sound track or separate title geo
080 ## - უნივერსალური ათობითი კლასიფიკაციის ინდექსი
Universal Decimal Classification number 811.353.1:821.353.1 წ-57
100 ## - მთავარი ჩანაწერი - პიროვნების სახელი
Personal name კეკელიძე, პროკოლე
9 (RLIN) 9431
245 ## - ცნობა სათაურის შესახებ
Title ქართული ენისა და ლიტერატურის სწავლების საკითხები საშუალო სკოლაში ენის შესახებ ი.ბ.სტალინის მოძღვრების შუქზე /
Statement of responsibility, etc პროკოლე კეკელიძე ; რედ. ივ. გიგინეიშვილი.
264 ## - წარმოების, გამოცემის, დისტრიბუციის და სხვა ცნობები
გამოცემის, წარმოების, დისტრიბუციის... ადგილი თბილისი :
გამოცემის, წარმოების, დისტრიბუციის... სახელწოდება ინსტიტუტის გამომცემლობა,
გამოცემის, წარმოების, დისტრიბუციის... თარიღი 1952.
300 ## - ფიზიკური აღწერა
Extent 181 გვ. ;
Dimensions 22 სმ.
653 ## - INDEX TERM--UNCONTROLLED
Uncontrolled term ქართული ენა და ლიტერატურა
700 ## - ADDED ENTRY--PERSONAL NAME
Personal name გიგინეიშვილი, ივ.
Relator term რედაქტორი
9 (RLIN) 9432
710 ## - ADDED ENTRY--CORPORATE NAME
Corporate name or jurisdiction name as entry element საქართველოს სსრ განათლების სამინისტროს პედაგოგიურ მეცნიერებათა სამეცნიერო-საკვლევი ინსტიტუტი
9 (RLIN) 9433
942 ## - ADDED ENTRY ELEMENTS (KOHA)
Koha item type წიგნი
Source of classification or shelving scheme
ეგზემპლარები
ჩამოწერის სტატუსი დაკარგული ეგზემპლარის სტატუსი კლასიფიკაციის წყარო ან თაროზე გაწყობის სქემა დაზიანების სტატუსი არ გაიცემა მუდმივი მდებარეობა (დაცვის ადგილი) ამჟამინდელი ადგილსამყოფელი თაროზე განთავსების ადგილი შეძენის თარიღი ღირებულება, შესყიდვის ნორმალური ფასი სრული შენახვის შიფრი შტრიხკოდი ბოლო ოპერაციის თარიღი ეგზემპლარის მიმდევრობითი ნომერი (კეტერი?) ფასის ძალაში შესვლის თარიღი ეგზემპლარის სახეობა საჯარო შენიშვნა
          ბათუმის შოთა რუსთაველის სახელმწიფო უნივერსიტეტის მთავარი ბიბლიოთეკა ბათუმის შოთა რუსთაველის სახელმწიფო უნივერსიტეტის მთავარი ბიბლიოთეკა წიგნსაცავი 2018-12-17 1.04 811.353.1:821.353.1 წ-57 53108 2018-12-17 53108 2018-12-17 წიგნი 1.04 ლ.
          ბათუმის შოთა რუსთაველის სახელმწიფო უნივერსიტეტის მთავარი ბიბლიოთეკა ბათუმის შოთა რუსთაველის სახელმწიფო უნივერსიტეტის მთავარი ბიბლიოთეკა წიგნსაცავი 2018-12-17 1.04 811.353.1:821.353.1 წ-57 53109 2018-12-17 53109 2018-12-17 წიგნი 1.04 ლ.
          ბათუმის შოთა რუსთაველის სახელმწიფო უნივერსიტეტის მთავარი ბიბლიოთეკა ბათუმის შოთა რუსთაველის სახელმწიფო უნივერსიტეტის მთავარი ბიბლიოთეკა წიგნსაცავი 2018-12-17 1.04 811.353.1:821.353.1 წ-57 53110 2018-12-17 53110 2018-12-17 წიგნი 1.04 ლ.
          ბათუმის შოთა რუსთაველის სახელმწიფო უნივერსიტეტის მთავარი ბიბლიოთეკა ბათუმის შოთა რუსთაველის სახელმწიფო უნივერსიტეტის მთავარი ბიბლიოთეკა წიგნსაცავი 2018-12-17 1.04 811.353.1:821.353.1 წ-57 53111 2018-12-17 53111 2018-12-17 წიგნი 1.04 ლ.
          ბათუმის შოთა რუსთაველის სახელმწიფო უნივერსიტეტის მთავარი ბიბლიოთეკა ბათუმის შოთა რუსთაველის სახელმწიფო უნივერსიტეტის მთავარი ბიბლიოთეკა წიგნსაცავი 2018-12-17 1.04 811.353.1:821.353.1 წ-57 53112 2018-12-17 53112 2018-12-17 წიგნი 1.04 ლ.